| 000 | 00372nam a2200145Ia 4500 | ||
|---|---|---|---|
| 008 | 210210b2003 xxu||||| |||| 00| 0 eng d | ||
| 020 | _a81 87334 06 1 | ||
| 082 | _a820.13 KASS | ||
| 100 | _aKASARAGOD (Prasad) | ||
| 245 | _aShrill sounds poems | ||
| 260 |
_aMoodbidri _bSpatika Prakashana., _c2003 |
||
| 300 | _a44 | ||
| 690 | _aIndian English Poetry | ||
| 906 | _a058935 | ||
| 999 |
_c106300 _d106300 |
||